Odkryté dejiny : Predveká Bratislava

Gespeichert in:
Bibliographische Detailangaben
Format: Buch
Sprache:Slowakisch
Veröffentlicht: Bratislava : Pravda, 1978
Ausgabe:1.vyd.
Tags: Tag hinzufügen
Keine Tags, Fügen Sie das erste Tag hinzu!

MARC

LEADER 00000nam a22000003a 4500
001 stu6748
005 20150408182018.7
008 940830s1978----cs------------------slo-d
040 |a STU  |b slo 
041 0 |a slo 
044 |a cs 
080 |a 903(437.6-25) 
245 |a Odkryté dejiny :  |b Predveká Bratislava 
250 |a 1.vyd. 
260 |a Bratislava :  |b Pravda,  |c 1978 
300 |a 396 s 
996 |b 284EK07431  |c E*42420  |l EE01  |s A  |a 24  |w stu6748_0001